000 00912nam a22002897a 4500
001 5036
003 FISKH
005 20241204154439.0
008 241101b cb ||||| |||| 00| 0 eng d
020 _a9780688140243
040 _aFISKH
_beng
_cFISKH
_dFISKH
050 _aPZ7.H389
082 _a808.068
100 _aHenkes, Kevin
_d(1960-)
245 _aA weekend with Wendell /
_cBy Kevin Henkes
250 _a1986
260 _aNew York :
_bGreenWillow,
_c1986.
300 _a30 pages :
_bcolor illustrations ;
_c26 cm
505 _aL
520 _aSophie does not enjoy energetic, assertive Wendell's weekend visit until the very end, when she learns to assert herself and finds out Wendell can be fun to play with after all.
521 8 _a510L
_bLexile
521 8 _aL
_bRaz-Plus
650 _2Friendship
_aSharing
650 _2Fiction
_aSleepover
942 _2ddc
_cBK
_n0
999 _c5036
_d5036